| 000 | 00665cam a2200193 a 4500 | ||
|---|---|---|---|
| 020 | _a0060445017 (student edition) | ||
| 020 | _a0060444851 (teacher edition) | ||
| 040 | _cDLC | ||
| 082 | 0 | 0 | _a330 HAR 1991 A065 Co. |
| 100 | 1 | _aMiller, Roger LeRoy. | |
| 245 | 1 | 0 | _aEconomics today / |
| 250 | _a7th ed. | ||
| 260 |
_aNew York, NY : _bHarperCollins, _cc1991. |
||
| 300 |
_axxx, 944, [56] p. : _bill. (some col.) ; _c26 cm. |
||
| 500 | _a"Your economic life : the practical applications of economics : a student guide to accompany Economics today, seventh edition" (29 p. ; 21 cm.) inserted. | ||
| 500 | _aIncludes index. | ||
| 650 | 0 | _aEconomics. | |
| 942 | _cEK | ||
| 999 |
_c14244 _d14244 |
||